| 000 | 05264nam a22007335i 4500 | ||
|---|---|---|---|
| 001 | 978-3-032-00648-6 | ||
| 003 | DE-He213 | ||
| 005 | 20260304124613.0 | ||
| 007 | cr nn 008mamaa | ||
| 008 | 250916s2025 sz | s |||| 0|eng d | ||
| 020 |
_a9783032006486 _9978-3-032-00648-6 |
||
| 024 | 7 |
_a10.1007/978-3-032-00648-6 _2doi |
|
| 050 | 4 | _aJZ2-6530 | |
| 072 | 7 |
_aJPS _2bicssc |
|
| 072 | 7 |
_aPOL011000 _2bisacsh |
|
| 072 | 7 |
_aJPS _2thema |
|
| 082 | 0 | 4 |
_a327 _223 |
| 100 | 1 |
_aMampuys, Ruth. _eauthor. _4aut _4http://id.loc.gov/vocabulary/relators/aut _923859 |
|
| 245 | 1 | 0 |
_aNavigating a Fragmenting World Order _h[electronic resource] : _bChallenges and Opportunities for the Netherlands / _cby Ruth Mampuys, Corien Prins, Haroon Sheikh, Paul 't Hart. |
| 250 | _a1st ed. 2025. | ||
| 264 | 1 |
_aCham : _bSpringer Nature Switzerland : _bImprint: Springer, _c2025. |
|
| 300 |
_aIX, 139 p. 4 illus., 3 illus. in color. _bonline resource. |
||
| 336 |
_atext _btxt _2rdacontent |
||
| 337 |
_acomputer _bc _2rdamedia |
||
| 338 |
_aonline resource _bcr _2rdacarrier |
||
| 341 | 0 |
_bPDF/UA-1 _2onix |
|
| 341 | 0 |
_bTable of contents navigation _2onix |
|
| 341 | 0 |
_bSingle logical reading order _2onix |
|
| 341 | 0 |
_bShort alternative textual descriptions _2onix |
|
| 341 | 0 |
_bUse of color is not sole means of conveying information _2onix |
|
| 341 | 0 |
_bUse of high contrast between text and background color _2onix |
|
| 341 | 0 |
_bNext / Previous structural navigation _2onix |
|
| 341 | 0 |
_bAll non-decorative content supports reading without sight _2onix |
|
| 347 |
_atext file _bPDF _2rda |
||
| 490 | 1 |
_aResearch for Policy, Studies by the Netherlands Scientific Council for Government Policy, _x2662-3692 |
|
| 505 | 0 | _aChapter 1. Geopolitical challenges -- Chapter 2. A Fragmenting world order -- Chapter 3. What is at stake? -- Chapter 4. Engaging with a fragmenting world. | |
| 506 | 0 | _aOpen Access | |
| 520 | _aThis open access book provides a unique and incisive analysis of the shifting dynamics in the international order, exploring a threefold fragmentation—of power centres, geopolitical arenas, and global worldviews. Through the lens of a carefully developed triad framework—focusing on security, prosperity, and values—it equips policymakers with an instrument to navigate the complex and often difficult trade-offs that arise in a world characterized by multipolarisation. While the erosion of the international order is often seen as a challenge from a Western perspective, this book also acknowledges why actors in other regions may perceive it as an opportunity to expand their influence on the global stage. The authors, all affiliated with the Netherlands Scientific Council for Government Policy (WRR), provide a nuanced assessment of these evolving power shifts and conclude with actionable policy recommendations for effectively engaging with the multipolar world—both by mitigating risks and by seizing new opportunities for cooperation and alliance-building. Essential reading for policymakers in the EU and its member states, this book is equally relevant to scholars, students, and anyone with a keen interest in international relations and global governance. | ||
| 532 | 8 | _aAccessibility summary: This PDF has been created in accordance with the PDF/UA-1 standard to enhance accessibility, including screen reader support, described non-text content (images, graphs), bookmarks for easy navigation, keyboard-friendly links and forms and searchable, selectable text. We recognize the importance of accessibility, and we welcome queries about accessibility for any of our products. If you have a question or an access need, please get in touch with us at accessibilitysupport@springernature.com. Please note that a more accessible version of this eBook is available as ePub. | |
| 532 | 8 | _aNo reading system accessibility options actively disabled | |
| 532 | 8 | _aPublisher contact for further accessibility information: accessibilitysupport@springernature.com | |
| 650 | 0 | _aInternational relations. | |
| 650 | 0 |
_aWorld history. _9549 |
|
| 650 | 0 | _aInternational economic integration. | |
| 650 | 0 | _aGlobalization. | |
| 650 | 1 | 4 | _aInternational Relations. |
| 650 | 2 | 4 |
_aWorld History, Global and Transnational History. _9553 |
| 650 | 2 | 4 | _aEconomic Aspects of Globalization. |
| 700 | 1 |
_aPrins, Corien. _eauthor. _4aut _4http://id.loc.gov/vocabulary/relators/aut _94438 |
|
| 700 | 1 |
_aSheikh, Haroon. _eauthor. _0(orcid)0000-0002-3088-7197 _1https://orcid.org/0000-0002-3088-7197 _4aut _4http://id.loc.gov/vocabulary/relators/aut _94435 |
|
| 700 | 1 |
_a't Hart, Paul. _eauthor. _4aut _4http://id.loc.gov/vocabulary/relators/aut |
|
| 710 | 2 | _aSpringerLink (Online service) | |
| 773 | 0 | _tSpringer Nature eBook | |
| 776 | 0 | 8 |
_iPrinted edition: _z9783032006479 |
| 776 | 0 | 8 |
_iPrinted edition: _z9783032006493 |
| 776 | 0 | 8 |
_iPrinted edition: _z9783032006509 |
| 830 | 0 |
_aResearch for Policy, Studies by the Netherlands Scientific Council for Government Policy, _x2662-3692 |
|
| 856 | 4 | 0 | _uhttps://doi.org/10.1007/978-3-032-00648-6 |
| 912 | _aZDB-2-REP | ||
| 912 | _aZDB-2-SXPR | ||
| 912 | _aZDB-2-SOB | ||
| 999 |
_c579895 _d579895 |
||